[Event "De leve"]
[Site "http://www.queenalice.com/game.php?id=66858"]
[Date "2006.5.4"]
[Round "-"]
[White "Torresmo"]
[Black "clandestino"]
[Result "1-0"]
[WhiteElo "1435"]
[BlackElo "1316"]

1. e4 e5 2. d3 Nf6 3. Bg5 Be7 4. c4 O-O 5. h4 d6 6. h5 Ng4 7. Bxe7 Nxf2 8. Kxf2
Qxe7 9. h6 Qg5 10. hxg7 Bg4 11. Nf3 Qxg7 12. Be2 Nd7 13. Qd2 Nf6 14. Nc3 c6 15.
Nh4 d5 16. Raf1 dxe4 17. Ke1 Rad8 18. Nf5 Bxf5 19. Rxf5 exd3 20. Rg5 e4 21.
Rxg7+ Kxg7 22. Qh6+ Kg8 23. Kd2 Rfe8 24. Bh5 e3+ 25. Ke1 Re6 26. Rf1 Ne4 27.
Bxf7+ Kh8 28. Bxe6 d2+ 29. Kd1 Rg8 30. Bxg8 1-0

[Event "o que é que tu quer, Joilson?"]
[Site "http://www.queenalice.com/game.php?id=112784"]
[Date "2006.10.3"]
[Round "-"]
[White "clandestino"]
[Black "Torresmo"]
[Result "0-1"]
[WhiteElo "1276"]
[BlackElo "1563"]

1. e4 d5 2. d3 dxe4 3. dxe4 Qxd1+ 4. Kxd1 e5 5. Bd3 Bc5 6. Nc3 c6 7. Nh3 Bxh3 8.
gxh3 Bxf2 9. b3 Ne7 10. Ba3 Bd4 11. Kd2 b5 12. Bxe7 Kxe7 13. Raf1 Rd8 14. Ne2
Bb2 15. c4 bxc4 16. bxc4 Na6 17. c5 Nxc5 18. Rb1 Nxd3 19. Ke3 Ba3 20. Rhg1 Bc5+
21. Kd2 Bxg1 22. Nxg1 Nc5+ 23. Ke3 g6 24. Nf3 f6 25. Rb2 Rab8 26. Rc2 Ke6 27.
Rxc5 Rb2 28. Rxc6+ Rd6 29. Rc3 Rxa2 0-1

[Event "Challenge"]
[Site "http://www.queenalice.com/game.php?id=122084"]
[Date "2006.10.26"]
[Round "-"]
[White "claudiocaire"]
[Black "clandestino"]
[Result "1-0"]
[WhiteElo "1475"]
[BlackElo "1284"]

1. e4 e5 2. Qf3 d6 3. Bc4 Nh6 4. d3 Be7 5. Nh3 O-O 6. Qg3 Bh4 7. Qf3 Ng4 8. g3
Bf6 9. Rg1 Nxh2 10. Qe2 Bg4 11. Qd2 Bg5 12. Nxg5 h6 13. Qb4 hxg5 14. Qxb7 Nf3+
15. Kf1 Nd7 16. Rh1 Nd4 17. Bd5 Bf3 18. Rh3 g4 19. Rh4 Nc5 20. Qb4 Be2+ 21. Kg2
Nxc2 22. Qd2 Bf3+ 23. Kf1 Nxa1 24. b4 Qg5 25. Qxg5 Nxd3 26. Qf5 g6 27. Qf6 1-0

[Event "Challenge"]
[Site "http://www.queenalice.com/game.php?id=133405"]
[Date "2006.11.25"]
[Round "-"]
[White "rafaelbdb"]
[Black "clandestino"]
[Result "1-0"]
[WhiteElo "1436"]
[BlackElo "1271"]

1. e4 e5 2. Nf3 d6 3. Nc3 Be6 4. Be2 Na6 5. O-O Nf6 6. d4 Nd7 7. d5 Bg4 8. Bg5
Be7 9. Bxe7 Qxe7 10. h3 Bh5 11. g4 Bg6 12. a3 O-O 13. Bxa6 bxa6 14. Qd2 1-0

[Event "Challenge"]
[Site "http://www.queenalice.com/game.php?id=592270"]
[Date "2009.5.22"]
[Round "-"]
[White "clandestino"]
[Black "MLC"]
[Result "0-1"]
[WhiteElo "1262"]
[BlackElo "1281"]

1. e4 e5 2. Nf3 Nc6 3. Bc4 h6 4. O-O Na5 5. Nxe5 Nxc4 6. Nxc4 d6 7. d3 Nf6 8.
Be3 Ng4 9. Nc3 Qh4 10. h3 Nxe3 11. Nxe3 Be7 12. Nf5 Qf6 13. Nd5 Qe5 14. Nfxe7
Qe6 15. Nxc8 Qxc8 16. f4 c6 17. Nc3 O-O 18. e5 d5 19. Re1 Re8 20. Qh5 Qc7 21. d4
Qb6 22. Rad1 Qxb2 23. Qf3 a5 24. f5 f6 25. Qd3 fxe5 26. dxe5 Qb6+ 27. Kh2 Qc7
28. Qg3 Rf8 29. Ne2 Qe7 30. Nf4 Qf7 31. f6 Kh7 32. Qg5 hxg5 0-1

[Event "Let's Play Chess!"]
[Site "http://www.queenalice.com/game.php?id=592955"]
[Date "2009.5.25"]
[Round "-"]
[White "clandestino"]
[Black "dida"]
[Result "0-1"]
[WhiteElo "1296"]
[BlackElo "1505"]

1. e4 e5 2. Nf3 f6 3. Bd3 d6 4. O-O a6 5. b3 Bd7 6. Ba3 Nc6 7. Nc3 Nge7 8. Rb1
Ng6 9. Nd5 Nf4 10. Nxf4 exf4 0-1

[Event "Let's Play Chess!"]
[Site "http://www.queenalice.com/game.php?id=593486"]
[Date "2009.5.25"]
[Round "-"]
[White "clandestino"]
[Black "peaceman"]
[Result "0-1"]
[WhiteElo "1330"]
[BlackElo "1259"]

1. e4 e5 2. Nf3 Nc6 3. Bd3 d6 4. O-O Be7 5. b3 Nf6 6. Ba3 Nd4 7. Nh4 O-O 8. Nc3
c5 9. Bc4 Qa5 10. Bb2 b6 11. Nf5 Re8 0-1

[Event "Challenge"]
[Site "http://www.queenalice.com/game.php?id=593570"]
[Date "2009.5.25"]
[Round "-"]
[White "clandestino"]
[Black "mitsho"]
[Result "0-1"]
[WhiteElo "1300"]
[BlackElo "1601"]

1. e4 e5 2. Nf3 Nc6 3. Bc4 Nf6 4. Nc3 d6 5. O-O Be7 6. b3 Nh5 7. Nh4 Bxh4 8.
Qxh5 g6 9. Qh6 Qg5 10. d3 Qxh6 11. Bxh6 Nd4 12. Rac1 Ne6 13. Rcd1 c6 14. g3 Bg5
0-1

[Event "Challenge"]
[Site "http://www.queenalice.com/game.php?id=593574"]
[Date "2009.5.25"]
[Round "-"]
[White "pac212"]
[Black "clandestino"]
[Result "1-0"]
[WhiteElo "1433"]
[BlackElo "1311"]

1. d4 e6 2. e4 b6 3. c3 Bd6 4. e5 Be7 5. Qf3 d6 6. Qxa8 Na6 7. Qxa7 Nh6 8. Qa8
Nf5 9. Bb5+ Kf8 10. Bxa6 Bxa6 11. Qxa6 f6 12. Qb5 fxe5 13. dxe5 dxe5 14. Qxe5
Qd7 15. Na3 Bf6 16. Qe4 Nd6 17. Qa8+ Nc8 18. Bd2 Qd5 19. Qxc8+ 1-0

[Event "Challenge"]
[Site "http://www.queenalice.com/game.php?id=593591"]
[Date "2009.5.25"]
[Round "-"]
[White "clandestino"]
[Black "Kike"]
[Result "1-0"]
[WhiteElo "1262"]
[BlackElo "1378"]

1. e4 e5 2. d3 Nf6 3. Be3 Nc6 4. Nc3 d6 5. Qf3 Bg4 6. Qg3 Be7 7. f3 Be6 8. O-O-O
Qd7 9. f4 O-O-O 10. fxe5 Nxe5 11. d4 Ng6 12. Bd3 Bg4 13. Nf3 h5 14. e5 dxe5 15.
dxe5 Ne8 16. Ng5 Bxd1 17. Rxd1 f6 18. Nf7 Rf8 19. Nxd8 Qxd8 20. Bxg6 fxe5 21.
Qh3+ Qd7 22. Qxd7+ Kb8 23. Bxe8 b5 24. Nxb5 Kb7 25. Qxc7+ Ka6 26. Qxa7# 1-0

[Event "Let's Play Chess!"]
[Site "http://www.queenalice.com/game.php?id=873966"]
[Date "2010.12.19"]
[Round "-"]
[White "magalhaes_br"]
[Black "clandestino"]
[Result "1-0"]
[WhiteElo "1348"]
[BlackElo "1281"]

1. e4 e5 2. Nf3 d6 3. h3 Nf6 4. Nc3 Nc6 5. d3 Be7 6. Ne2 O-O 7. Ng3 h6 8. Be2 b6
9. O-O Ba6 10. Be3 d5 11. Nd2 d4 12. Bxh6 1-0